[Event "ch-RUS Blitz 2016"]
[Site "Sochi RUS"]
[Date "2016.10.04"]
[Round "4.17"]
[White "Nazaretyan, Tigran"]
[Black "Timofeev, Artyom"]
[Result "0-1"]
[BlackTitle "GM"]
[WhiteElo "2308"]
[BlackElo "2601"]
[WhiteFideId "24162345"]
[BlackFideId "4140419"]
[EventDate "2016.10.04"]

1. d4 Nf6 2. c4 g6 3. Nc3 d5 4. Nf3 Bg7 5. Bg5 Ne4 6. Bh4 Nxc3 7. bxc3 c5 8. e3
Nc6 9. cxd5 Qxd5 10. Qb3 Qf5 11. Be2 O-O 12. O-O b6 13. Qa4 Bd7 14. Bb5 Rfc8 15.
Bxe7 a6 16. Bxc6 Bxc6 17. Qd1 cxd4 18. cxd4 Bd5 19. Bd6 Qe6 20. Be5 Bxa2 21.
Bxg7 Kxg7 22. e4 Bb3 23. Qe1 Bc4 24. d5 Qf6 25. e5 Qf4 26. Qb4 a5 27. Qxb6 Bxf1
28. Rxf1 a4 29. e6 fxe6 30. dxe6 a3 31. e7 a2 32. Qb2+ Qf6 33. Qa1 Qxa1 34. Rxa1
Kf7 35. Kf1 Kxe7 36. Ke2 Rcb8 37. Nd2 Rb2 38. Kd3 Rd8+ 0-1

[Event "ch-RUS Blitz 2016"]
[Site "Sochi RUS"]
[Date "2016.10.04"]
[Round "4.19"]
[White "Dashko, Andrey"]
[Black "Gabrielian, Artur"]
[Result "0-1"]
[BlackTitle "GM"]
[WhiteElo "2243"]
[BlackElo "2524"]
[WhiteFideId "4131371"]
[BlackFideId "4131002"]
[EventDate "2016.10.04"]

1. e4 c5 2. Nf3 d6 3. d4 cxd4 4. Nxd4 Nf6 5. Nc3 a6 6. Bc4 e6 7. Bb3 Nbd7 8. f3
Nc5 9. Be3 Be7 10. Qd2 Qc7 11. O-O-O O-O 12. Kb1 b5 13. g4 b4 14. Nce2 a5 15. g5
Ne8 16. c4 a4 17. Bc2 b3 18. axb3 axb3 19. Nxb3 Qa7 20. Bxc5 dxc5 21. Nc3 Nc7
22. Bd3 Rd8 23. Qe3 Rb8 24. Nb5 Nxb5 25. cxb5 Ra8 26. Bc4 Bd7 27. Kc2 Qa4 28.
Qe2 Qb4 29. h4 Ra4 30. Nd2 Bd6 31. Ra1 Be5 32. Bb3 Rxa1 33. Rxa1 Bxb5 34. Nc4
Bxc4 35. Qxc4 Qd2+ 0-1

[Event "ch-RUS Blitz 2016"]
[Site "Sochi RUS"]
[Date "2016.10.04"]
[Round "4.20"]
[White "Chigaev, Maksim"]
[Black "Belov, Igor1"]
[Result "1-0"]
[WhiteTitle "IM"]
[BlackTitle "IM"]
[WhiteElo "2551"]
[BlackElo "2390"]
[WhiteFideId "4108116"]
[BlackFideId "4101782"]
[EventDate "2016.10.04"]

1. Nf3 d6 2. e4 Nf6 3. Nc3 e5 4. d4 Nbd7 5. Rg1 Be7 6. g4 O-O 7. h3 c6 8. a4
exd4 9. Nxd4 Nc5 10. Bg2 d5 11. exd5 Nxd5 12. Nxd5 cxd5 13. Be3 Re8 14. Qd2 Ne4
15. Bxe4 dxe4 16. O-O-O Qd5 17. Nf5 Qxd2+ 18. Rxd2 Bxf5 19. gxf5 Bf6 20. Rd5 b6
21. c3 Re7 22. Kc2 Rc8 23. a5 bxa5 24. Rxa5 Rcc7 25. Rga1 h5 26. Rxa7 Rxa7 27.
Rxa7 Re5 28. Ra4 Rxf5 29. Rxe4 Rf3 30. b4 Rxh3 31. b5 Rh4 32. Re8+ Kh7 33. b6
Rc4 34. b7 Rxc3+ 35. Kd2 1-0

[Event "ch-RUS Blitz 2016"]
[Site "Sochi RUS"]
[Date "2016.10.04"]
[Round "5.1"]
[White "Ponkratov, Pavel"]
[Black "Shaposhnikov, Evgeny"]
[Result "1-0"]
[WhiteTitle "GM"]
[BlackTitle "GM"]
[WhiteElo "2589"]
[BlackElo "2557"]
[WhiteFideId "4157800"]
[BlackFideId "4122232"]
[EventDate "2016.10.04"]

1. e4 c5 2. Nf3 e6 3. d4 cxd4 4. Nxd4 a6 5. Bd3 Ne7 6. O-O Nbc6 7. Nf3 Ng6 8. b3
Bc5 9. Bb2 e5 10. Nbd2 d6 11. a3 O-O 12. Nc4 Qf6 13. Ne3 Nf4 14. g3 Nh3+ 15. Kg2
Ne7 16. b4 Ba7 17. c4 Ng6 18. Nf5 Ng5 19. Nxg5 Qxg5 20. h4 Qd8 21. Be2 Bxf5 22.
exf5 Ne7 23. f6 gxf6 24. Bd3 f5 25. Qh5 Qd7 26. Rad1 Qe6 27. Rfe1 Qg6 28. Qg5
Qxg5 29. hxg5 Rac8 30. Rh1 f6 31. Rh6 fxg5 32. Rxd6 Ng6 33. c5 Rc7 34. Bc4+ Kh8
35. Rxg6 hxg6 36. Bxe5+ 1-0

[Event "ch-RUS Blitz 2016"]
[Site "Sochi RUS"]
[Date "2016.10.04"]
[Round "5.2"]
[White "Morozevich, Alexander"]
[Black "Gabrielian, Artur"]
[Result "1-0"]
[WhiteTitle "GM"]
[BlackTitle "GM"]
[WhiteElo "2683"]
[BlackElo "2524"]
[WhiteFideId "4116992"]
[BlackFideId "4131002"]
[EventDate "2016.10.04"]

1. d4 Nf6 2. c4 g6 3. Nc3 Bg7 4. e4 O-O 5. Be3 d6 6. f3 c5 7. Nge2 Nc6 8. d5 Ne5
9. Ng3 h5 10. Be2 h4 11. Nf1 e6 12. Nd2 exd5 13. cxd5 a6 14. a4 Rb8 15. O-O h3
16. g4 Bd7 17. g5 Nh7 18. f4 b5 19. fxe5 Bxe5 20. Nf3 Bg7 21. axb5 axb5 22. Qd2
Re8 23. Bf4 b4 24. Nd1 Rxe4 25. Nf2 Re8 26. Bd3 Rc8 27. Rac1 Qb6 28. Kh1 Ra8 29.
Bb1 Bb5 30. Rfe1 Nf8 31. Ne4 Red8 32. Nf6+ Bxf6 33. gxf6 Nh7 34. Bg3 Nxf6 35.
Bh4 Nh5 36. Qh6 Qb7 1-0

[Event "ch-RUS Blitz 2016"]
[Site "Sochi RUS"]
[Date "2016.10.04"]
[Round "5.3"]
[White "Khismatullin, Denis"]
[Black "Chigaev, Maksim"]
[Result "1/2-1/2"]
[WhiteTitle "GM"]
[BlackTitle "IM"]
[WhiteElo "2617"]
[BlackElo "2551"]
[WhiteFideId "4142578"]
[BlackFideId "4108116"]
[EventDate "2016.10.04"]

1. d4 Nf6 2. c4 e6 3. Nc3 Bb4 4. Nf3 O-O 5. e3 c5 6. Bd3 Nc6 7. O-O Bxc3 8. bxc3
d6 9. h3 e5 10. e4 h6 11. Re1 b6 12. a4 Ba6 13. d5 Ne7 14. a5 Ng6 15. Nh2 Bc8
16. axb6 Qxb6 17. Nf1 Bd7 18. Ne3 a5 19. Bc2 Nf4 20. h4 a4 21. g3 Ng6 22. Nf5
Bxf5 23. exf5 Ne7 24. g4 Nd7 25. g5 hxg5 26. hxg5 Qa5 27. Re3 Rfb8 28. Qh5 Kf8
29. f6 gxf6 30. gxf6 Ng8 31. Rf3 Ndxf6 32. Rxf6 Nxf6 33. Qh6+ Ke8 34. Qxf6 Qxc3
35. Qh8+ Kd7 36. Bf5+ Kc7 37. Qf6 Qxa1 38. Qe7+ Kb6 39. Qxd6+ Ka7 40. Qc7+ Ka6
41. Qc6+ Ka7 42. Qc7+ Ka6 43. Qc6+ Ka7 44. Qc7+ Ka6 1/2-1/2

[Event "ch-RUS Blitz 2016"]
[Site "Sochi RUS"]
[Date "2016.10.04"]
[Round "5.4"]
[White "Matinian, Nikita"]
[Black "Rakhmanov, Aleksandr"]
[Result "0-1"]
[WhiteTitle "IM"]
[BlackTitle "GM"]
[WhiteElo "2495"]
[BlackElo "2662"]
[WhiteFideId "24129100"]
[BlackFideId "4173708"]
[EventDate "2016.10.04"]

1. e4 c5 2. Nf3 Nf6 3. e5 Nd5 4. Nc3 Nxc3 5. dxc3 Nc6 6. Bf4 Qb6 7. b3 Qc7 8.
Qd2 e6 9. h4 h6 10. h5 b6 11. O-O-O a6 12. g4 b5 13. Kb1 c4 14. g5 Ne7 15. Bg2
Bb7 16. gxh6 gxh6 17. Nh4 Bxg2 18. Nxg2 Nd5 19. Rh3 cxb3 20. cxb3 b4 21. c4 Nc3+
22. Rxc3 bxc3 23. Qxc3 Qc6 24. Qd3 a5 25. Ne3 Rg8 26. Nc2 Rg4 27. Nd4 Qb7 28.
Be3 Qe4 29. Qxe4 Rxe4 30. Nb5 Kd8 31. Rg1 Rxe5 32. Rg8 Ke7 33. Bxh6 Rxh5 34. Bf4
Ra6 35. Bd6+ Rxd6 36. Nxd6 Kxd6 37. Rxf8 Rf5 38. Ra8 Rxf2 39. Rxa5 f5 40. b4 f4
41. Ra8 e5 42. Rf8 e4 43. c5+ Kd5 44. Rf7 e3 45. Rxd7+ Kc4 46. Re7 Kc3 47. a4
Rb2+ 48. Kc1 Rxb4 49. c6 Rxa4 50. Kd1 Kd3 51. Rd7+ Ke4 52. c7 Rc4 53. Re7+ Kf3
54. Rf7 Kg3 55. Rg7+ Kf2 56. Re7 f3 57. Re4 e2+ 58. Kd2 Rxc7 59. Rxe2+ fxe2 0-1

[Event "ch-RUS Blitz 2016"]
[Site "Sochi RUS"]
[Date "2016.10.04"]
[Round "5.5"]
[White "Paravyan, David"]
[Black "Zakhartsov, Vladimir"]
[Result "1/2-1/2"]
[WhiteTitle "IM"]
[BlackTitle "IM"]
[WhiteElo "2528"]
[BlackElo "2452"]
[WhiteFideId "4194985"]
[BlackFideId "4145097"]
[EventDate "2016.10.04"]

1. e4 c5 2. Nf3 d6 3. d4 Nf6 4. dxc5 Qa5+ 5. c3 Qxc5 6. Bd3 e6 7. Na3 a6 8. Be3
Qc7 9. O-O Be7 10. Nd4 Nbd7 11. f3 b6 12. c4 Bb7 13. Rc1 O-O 14. Nb1 Rac8 15.
Nc3 Qb8 16. b3 Rfe8 17. Qd2 Qa8 18. Rfe1 Bf8 19. Bf1 d5 20. exd5 exd5 21. Bf2
Rxe1 22. Rxe1 dxc4 23. bxc4 g6 24. Nb3 Bg7 25. Na4 Rc6 26. c5 bxc5 27. Naxc5
Nxc5 28. Nxc5 Bf8 29. Qa5 Qc8 30. Nxb7 Qxb7 31. Bd4 Rd6 32. Qc3 Nd5 33. Qc4 Nb6
34. Qb4 Qc6 35. Bf2 Nd5 36. Qb3 Rd8 37. Rd1 Be7 38. Bc4 Nf4 39. Bxf7+ Kg7 40.
Rxd8 Bxd8 41. Bc4 Bf6 42. Bf1 Kh6 43. Be3 Bg5 44. h4 Bxh4 45. Bxf4+ g5 46. Be3
Bg3 47. Qg8 Bf4 48. Qf8+ Kh5 49. g4+ Kh4 50. Qh6+ Kg3 51. Qxc6 1/2-1/2

[Event "ch-RUS Blitz 2016"]
[Site "Sochi RUS"]
[Date "2016.10.04"]
[Round "5.6"]
[White "Romanov, Evgeny"]
[Black "Timofeev, Artyom"]
[Result "1-0"]
[WhiteTitle "GM"]
[BlackTitle "GM"]
[WhiteElo "2619"]
[BlackElo "2601"]
[WhiteFideId "4148843"]
[BlackFideId "4140419"]
[EventDate "2016.10.04"]

1. d4 d5 2. Nf3 Nf6 3. Bf4 e6 4. e3 c5 5. Nbd2 Nc6 6. c3 Bd6 7. Bg3 O-O 8. Bd3
b6 9. Qe2 Bb7 10. Rd1 h6 11. O-O Qe7 12. dxc5 Bxg3 13. hxg3 bxc5 14. e4 Rfe8 15.
Rfe1 Qc7 16. Bb1 a5 17. e5 Nd7 18. c4 Rad8 19. g4 g6 20. Nf1 Ne7 21. cxd5 Nxd5
22. Ng3 Kg7 23. Qc2 Nf4 24. Qc3 Nb6 25. Qxa5 Rxd1 26. Rxd1 Rd8 27. Rxd8 Qxd8 28.
Qd2 Nbd5 29. Ne4 g5 30. Nxc5 Ba8 31. Ne4 Qb6 32. g3 Ng6 33. Qd4 Qa5 34. a3 Qb5
35. Bd3 Qb3 36. Be2 Qc2 37. Bd1 Qb1 38. Kh2 Nde7 39. Nc3 Qxb2 40. a4 Nc6 41. Qc5
Nb4 42. Be2 Bxf3 43. Bxf3 Nd3 44. Nd1 Qa2 45. Qd4 Ndxe5 46. Be4 Kg8 47. Bxg6
Nxg6 48. Qd8+ Kg7 49. Qd4+ e5 50. Qb4 Qc2 51. Qd6 Qxa4 52. Ne3 Qc2 53. Nxc2 1-0

[Event "ch-RUS Blitz 2016"]
[Site "Sochi RUS"]
[Date "2016.10.04"]
[Round "5.8"]
[White "Kryakvin, Dmitry"]
[Black "Andreikin, Dmitry"]
[Result "1/2-1/2"]
[WhiteTitle "GM"]
[BlackTitle "GM"]
[WhiteElo "2554"]
[BlackElo "2736"]
[WhiteFideId "4153278"]
[BlackFideId "4158814"]
[EventDate "2016.10.04"]

1. d4 d5 2. c4 dxc4 3. e3 Nf6 4. Bxc4 e6 5. Nf3 c5 6. O-O a6 7. b3 cxd4 8. Nxd4
Be7 9. Bb2 O-O 10. Nd2 Bd7 11. N2f3 Nc6 12. Nxc6 Bxc6 13. Ne5 Bd5 14. Rc1 Rc8
15. Qe2 Qa5 16. Bd4 Bd6 17. Bxd5 Rxc1 18. Rxc1 Qxd5 19. Qf3 Bxe5 20. Qxd5 Bxh2+
21. Kxh2 Nxd5 22. e4 Nb4 23. Rc7 Nxa2 24. Rxb7 f6 25. Ra7 e5 26. Bc5 Rb8 27.
Rxa6 Nc3 28. f3 Rxb3 29. Ra8+ Kf7 30. Ra7+ Kg8 31. Ra8+ 1/2-1/2

[Event "ch-RUS Blitz 2016"]
[Site "Sochi RUS"]
[Date "2016.10.04"]
[Round "5.9"]
[White "Savchenko, Boris"]
[Black "Yuffa, Daniil"]
[Result "1-0"]
[WhiteTitle "GM"]
[BlackTitle "IM"]
[WhiteElo "2613"]
[BlackElo "2534"]
[WhiteFideId "4147332"]
[BlackFideId "24131423"]
[EventDate "2016.10.04"]

1. e4 c6 2. d4 d5 3. Nc3 dxe4 4. Nxe4 Bf5 5. Ng3 Bg6 6. Nh3 Nf6 7. Nf4 e5 8.
Nxg6 hxg6 9. dxe5 Qa5+ 10. Bd2 Qxe5+ 11. Qe2 Nbd7 12. Qxe5+ Nxe5 13. Bc3 Ned7
14. Bc4 Bd6 15. O-O-O Bf4+ 16. Kb1 O-O 17. Rhe1 Rfe8 18. a4 Be5 19. Bb4 Nb6 20.
Bb3 Nfd5 21. Bc5 Nd7 22. Ne4 Bxh2 23. Bxd5 cxd5 24. Rxd5 Nxc5 25. Rxc5 f5 26.
Rh1 Rxe4 27. Rxh2 Re1+ 28. Ka2 Re2 29. g3 Rd8 30. Rc7 Rdd2 31. Rh4 Rxc2 32. Rxb7
Rxf2 33. Rd4 g5 34. Rdd7 f4 35. Rxg7+ Kf8 36. Rxg5 f3 37. Rf5+ Kg8 38. Rb3 Rc4
39. Ka3 Rf1 40. Rbxf3 Ra1+ 41. Kb3 Raxa4 42. Rg5+ Kh7 43. Rf2 Rcb4+ 44. Kc2 Rc4+
45. Kd3 Rd4+ 46. Ke3 Re4+ 47. Kf3 Re6 48. Rc2 Rb4 49. Ra5 a6 50. Rg5 Rg6 51.
Rh5+ Kg7 52. Ra5 Rb3+ 53. Kf4 Rbxg3 54. Rc7+ Kh6 55. Rac5 R3g4+ 56. Ke3 Rb4 57.
Rc2 Rb3+ 58. Kd4 Rb4+ 59. Kc5 Rb5+ 60. Kc4 Rg4+ 61. Kc3 Rg3+ 62. Kd4 Rg4+ 63.
Ke3 Kg5 64. R7c5+ Rxc5 65. Rxc5+ Kf6 66. Rc6+ Ke5 67. Rxa6 Rg3+ 68. Kd2 Kd5 1-0

[Event "ch-RUS Blitz 2016"]
[Site "Sochi RUS"]
[Date "2016.10.04"]
[Round "5.10"]
[White "Moiseenko, Vadim"]
[Black "Sakaev, Konstantin"]
[Result "0-1"]
[WhiteTitle "IM"]
[BlackTitle "GM"]
[WhiteElo "2528"]
[BlackElo "2594"]
[WhiteFideId "4123700"]
[BlackFideId "4104226"]
[EventDate "2016.10.04"]

1. e4 c5 2. Nf3 d6 3. d4 cxd4 4. Nxd4 Nf6 5. Nc3 a6 6. Be3 e5 7. Nf3 Be7 8. Bc4
O-O 9. O-O Qc7 10. Bb3 Be6 11. Bg5 Nbd7 12. Qe2 b5 13. Rfd1 Nb6 14. Bxf6 Bxf6
15. Nd5 Nxd5 16. Bxd5 Rab8 17. c3 Rfc8 18. Rac1 Qb6 19. Rd3 b4 20. c4 Be7 21. b3
a5 22. Bxe6 fxe6 23. Nd2 Rf8 24. c5 dxc5 25. Nc4 Qc7 26. Qg4 Rf6 27. Rcd1 Rd8
28. Qg3 Rxd3 29. Rxd3 Rf4 30. f3 Bf6 31. Qh3 Qf7 32. Nxa5 Bg5 33. Nc4 h6 34. Rd6
Rf6 35. Nxe5 Qa7 36. Nc4 Qxa2 37. Rxe6 Qb1+ 38. Kf2 Qc2+ 39. Kg3 Bf4+ 40. Kh4
Bg5+ 41. Kg3 Bf4+ 42. Kh4 Bg5+ 43. Kg3 Bf4+ 44. Kh4 Qf2+ 45. g3 Bg5+ 46. Kh5 g6+ 0-1

[Event "ch-RUS Blitz 2016"]
[Site "Sochi RUS"]
[Date "2016.10.04"]
[Round "5.11"]
[White "Ivanov, Alexander Al."]
[Black "Moskalenko, Alexander"]
[Result "1/2-1/2"]
[WhiteTitle "GM"]
[BlackTitle "IM"]
[WhiteElo "2400"]
[BlackElo "2490"]
[WhiteFideId "4126360"]
[BlackFideId "4155351"]
[EventDate "2016.10.04"]

1. e4 c5 2. Nf3 d6 3. Bb5+ Nd7 4. a4 Nf6 5. Nc3 a6 6. Bc4 e6 7. d3 Be7 8. O-O b6
9. Re1 Bb7 10. h3 O-O 11. Bf4 Bc6 12. Bg3 Qc7 13. Qe2 Qb7 14. Bb3 Rfe8 15. d4
cxd4 16. Nxd4 Ne5 17. Bxe5 dxe5 18. Nxc6 Qxc6 19. Nd1 b5 20. axb5 axb5 21. Rxa8
Rxa8 22. Kh2 Bc5 23. Nc3 b4 24. Nb1 Qb6 25. Rf1 g6 26. Nd2 Bd4 27. Nc4 Qc6 28.
Nd2 Bxb2 29. Bc4 Bc3 30. Bd3 Kg7 31. Nf3 Ra2 32. Rb1 Qc5 33. g3 h6 34. Kg2 Nd7
35. Qe3 Qxe3 36. fxe3 Nc5 37. Kf1 b3 38. Rxb3 Nxb3 39. cxb3 Kf6 40. Bc4 Rb2 41.
Ng1 Bd2 42. Ke2 Bb4+ 43. Kf1 Bc5 44. Ne2 Bxe3 45. h4 Bd4 46. Kg2 h5 47. Kf3 Ke7
48. g4 hxg4+ 49. Kxg4 Be3 50. h5 gxh5+ 51. Kxh5 f5 52. Kh4 Kf6 53. Kg3 Bc5 54.
Kf3 Rb1 55. Ng3 Kg5 56. Bxe6 f4 57. Nf5 Rc1 58. Bc4 Rc3+ 59. Kg2 f3+ 60. Kg3 f2+
61. Kg2 Kf4 62. Nh4 Rg3+ 63. Kh2 Rg1 64. Ng2+ Kf3 65. Nh4+ Kxe4 1/2-1/2

[Event "ch-RUS Blitz 2016"]
[Site "Sochi RUS"]
[Date "2016.10.04"]
[Round "5.12"]
[White "Artemiev, Vladislav"]
[Black "Saveljev, Vladislav"]
[Result "0-1"]
[WhiteTitle "GM"]
[BlackTitle "FM"]
[WhiteElo "2663"]
[BlackElo "2360"]
[WhiteFideId "24101605"]
[BlackFideId "4128494"]
[EventDate "2016.10.04"]

1. d4 Nf6 2. c4 e6 3. Nf3 b6 4. g3 Bb7 5. Bg2 Be7 6. O-O O-O 7. d5 Na6 8. Nc3
Bb4 9. Bd2 Nc5 10. a3 Bxc3 11. Bxc3 exd5 12. Nh4 Nfe4 13. cxd5 Nxc3 14. bxc3 Qf6
15. Qd4 Qxd4 16. cxd4 Nb3 17. Rad1 Rfe8 18. Rfe1 c5 19. dxc6 Bxc6 20. Bxc6 dxc6
21. Rd3 Na5 22. e3 Rad8 23. Rc3 Rxd4 24. Rec1 Rd7 25. Nf3 c5 26. Kg2 f6 27. h4
Kf7 28. g4 Nc6 29. Rc4 Ne5 30. Nxe5+ Rxe5 31. a4 Rc7 32. R1c2 Ke7 33. Rd2 Rd7
34. Rb2 Red5 35. a5 R7d6 36. Rcc2 Kd7 37. Kf3 Kc6 38. axb6 axb6 39. Kf4 b5 40.
e4 Rd4 41. g5 c4 42. Kf5 g6+ 43. Kf4 f5 44. f3 fxe4 45. fxe4 Re6 46. Re2 Kc5 47.
Ra2 c3 48. Ra7 b4 49. Rxh7 b3 50. h5 gxh5 51. Rc7+ Rc6 0-1

[Event "ch-RUS Blitz 2016"]
[Site "Sochi RUS"]
[Date "2016.10.04"]
[Round "5.13"]
[White "Bryzgalin, Kirill"]
[Black "Vitiugov, Nikita"]
[Result "1/2-1/2"]
[WhiteTitle "GM"]
[BlackTitle "GM"]
[WhiteElo "2424"]
[BlackElo "2721"]
[WhiteFideId "4133285"]
[BlackFideId "4152956"]
[EventDate "2016.10.04"]

1. d4 d5 2. Nf3 Nf6 3. Bf4 c6 4. e3 Bg4 5. c3 e6 6. Nbd2 Nbd7 7. Be2 Be7 8. O-O
Nh5 9. Be5 Nhf6 10. Bg3 Nh5 11. Re1 Nxg3 12. hxg3 h6 13. e4 dxe4 14. Nxe4 Bf5
15. Bd3 O-O 16. Qe2 Bh7 17. Rad1 Nf6 18. Nxf6+ Bxf6 19. Ne5 Bxd3 20. Nxd3 Qa5
21. a3 Rad8 22. Nc5 Qc7 23. f4 Be7 24. Nd3 Bd6 25. Nf2 Rfe8 26. Qf3 a5 27. Re2
g6 28. Rde1 Kg7 29. Nd3 h5 30. b4 axb4 31. axb4 Be7 32. Ra2 Ra8 33. Rea1 Rxa2
34. Rxa2 Rd8 35. Qe3 Bf6 36. Kf2 b6 37. Qe4 Rd5 38. Qe3 Qc8 39. Ra7 Qb8 40. Ra6
Qb7 41. Ra2 Qd7 42. Kf1 Qb7 43. Kf2 Qd7 44. Kf1 Qb7 45. Kf2 Qd7 1/2-1/2

[Event "ch-RUS Blitz 2016"]
[Site "Sochi RUS"]
[Date "2016.10.04"]
[Round "5.14"]
[White "Levin, Evgeny A."]
[Black "Riazantsev, Alexander"]
[Result "1/2-1/2"]
[WhiteTitle "GM"]
[BlackTitle "GM"]
[WhiteElo "2505"]
[BlackElo "2651"]
[WhiteFideId "4182596"]
[BlackFideId "4125029"]
[EventDate "2016.10.04"]

1. d4 Nf6 2. c4 e6 3. Nf3 d5 4. Nc3 c6 5. e3 a6 6. c5 Nbd7 7. Qc2 e5 8. b4 e4 9.
Nd2 g6 10. Be2 Bg7 11. Bb2 O-O 12. a4 h5 13. h3 h4 14. O-O-O Re8 15. Kb1 Nf8 16.
Nb3 Bf5 17. b5 axb5 18. axb5 g5 19. b6 Bg6 20. Bc1 Nh5 21. Bd2 f5 22. Kb2 Ne6
23. Ra1 Rb8 24. Ra7 f4 25. Bg4 Nf6 26. Bxe6+ Rxe6 27. exf4 Nh5 28. f5 Bxf5 29.
Qc1 Rg6 30. Ne2 Bf6 31. Be3 Ng7 32. Kc2 Bc8 33. Qd2 Nf5 34. Rha1 Be6 35. Na5 Qc8
36. Nxb7 Rxb7 37. Rxb7 Qxb7 38. Ra7 Qb8 39. Qa5 Bc8 40. Ra8 Qb7 41. Ra7 Qb8 42.
Ra8 Qb7 43. Ra7 Qb8 1/2-1/2

[Event "ch-RUS Blitz 2016"]
[Site "Sochi RUS"]
[Date "2016.10.04"]
[Round "5.15"]
[White "Lugovskoy, Maxim"]
[Black "Grachev, Boris"]
[Result "1-0"]
[WhiteTitle "IM"]
[BlackTitle "GM"]
[WhiteElo "2436"]
[BlackElo "2628"]
[WhiteFideId "24126454"]
[BlackFideId "4129199"]
[EventDate "2016.10.04"]

1. e4 c5 2. Nf3 e6 3. c3 d5 4. exd5 exd5 5. d4 a6 6. Be2 cxd4 7. Nxd4 Bd6 8. Nd2
Nf6 9. N2f3 h6 10. O-O O-O 1-0

[Event "ch-RUS Blitz 2016"]
[Site "Sochi RUS"]
[Date "2016.10.04"]
[Round "5.16"]
[White "Antonenko, Vladimir"]
[Black "Matlakov, Maxim"]
[Result "1/2-1/2"]
[WhiteTitle "FM"]
[BlackTitle "GM"]
[WhiteElo "2311"]
[BlackElo "2691"]
[WhiteFideId "24159409"]
[BlackFideId "4168003"]
[EventDate "2016.10.04"]

1. e4 e5 2. Nf3 Nc6 3. Bb5 a6 4. Ba4 Nf6 5. O-O b5 6. Bb3 Bb7 7. d3 Be7 8. a4
O-O 9. Re1 d6 10. Nc3 b4 11. Nd5 Na5 12. Nxb4 c5 13. Nd5 Nxb3 14. Nxe7+ Qxe7 15.
cxb3 Nd7 16. Bg5 f6 17. Bh4 a5 18. Nd2 Nb8 19. Re3 Nc6 20. Qg4 Bc8 21. Qh5 Nd4
22. Rf1 Be6 23. Bg3 Bf7 24. Qd1 g5 25. h4 h6 26. Bh2 Rab8 27. Rg3 Bg6 28. f4
exf4 29. Rxf4 Qe5 30. Rf2 Qe7 31. Rh3 Kg7 32. Nc4 Rbd8 33. Nxa5 Qe6 34. Nc4 g4
35. Re3 h5 36. Re1 Rf7 37. Bf4 Rb7 38. Na5 Rb6 39. Bd2 Re8 40. Bc3 Nc6 41. Nxc6
Rxc6 42. Rxf6 Qxf6 43. Bxf6+ Kxf6 44. Qd2 Kg7 45. Rf1 Rc7 46. Qg5 Rf7 47. Rxf7+
Kxf7 48. Qd5+ Ke7 49. a5 Bf7 50. Qb7+ Kf6 51. a6 1/2-1/2

[Event "ch-RUS Blitz 2016"]
[Site "Sochi RUS"]
[Date "2016.10.04"]
[Round "5.17"]
[White "Afanasiev, Nikita"]
[Black "Bocharov, Dmitry"]
[Result "0-1"]
[WhiteTitle "FM"]
[BlackTitle "GM"]
[WhiteElo "2280"]
[BlackElo "2611"]
[WhiteFideId "24183555"]
[BlackFideId "4138716"]
[EventDate "2016.10.04"]

1. d4 Nf6 2. Bf4 g6 3. c3 Bg7 4. Nf3 Nh5 5. Bg5 h6 6. Bh4 g5 7. Bg3 d6 8. e3 e6
9. Be2 Nd7 10. Nbd2 Qe7 11. Ng1 Nxg3 12. hxg3 c5 13. Qc2 b6 14. Bf3 d5 15. g4
Bb7 16. Ne2 Rc8 17. Qb3 O-O 18. Ng3 Nf6 19. a4 Qc7 20. a5 Bc6 21. axb6 axb6 22.
O-O Ra8 23. Qc2 Ra7 24. Nb3 Ba4 25. Rxa4 Rxa4 26. Nxc5 Ra7 27. Nd3 Rfa8 28. Ne5
Ra1 29. Be2 Ne8 30. Nd3 Nd6 31. Nc1 b5 32. Nb3 Rxf1+ 33. Bxf1 b4 34. Nc5 bxc3
35. bxc3 Ra1 36. Qb2 Qa7 37. Kh2 Bf8 38. Be2 Ra2 39. Qb1 Ne8 40. Nd3 Bd6 41. Bf3
Ra3 42. Qb2 Qc7 43. Kh3 Qxc3 44. Qb5 Nf6 45. Ne5 Bxe5 46. dxe5 Qxe5 47. Qb6 Ra1
48. Qd8+ Kg7 49. Qb6 Ra2 50. Nh1 Qa1 51. Kh2 h5 52. gxh5 g4 53. h6+ Kxh6 54. Qd8
Kg7 55. Qd6 Ra4 56. Qg3 Qc3 57. Be2 Qb4 58. Bd3 Ra8 59. Qe5 Qb8 60. Qxb8 Rxb8 0-1

[Event "ch-RUS Blitz 2016"]
[Site "Sochi RUS"]
[Date "2016.10.04"]
[Round "5.18"]
[White "Pridorozhni, Aleksei"]
[Black "Smagin, Sergey"]
[Result "1-0"]
[WhiteTitle "GM"]
[BlackTitle "GM"]
[WhiteElo "2579"]
[BlackElo "2551"]
[WhiteFideId "4127870"]
[BlackFideId "4100425"]
[EventDate "2016.10.04"]

1. e4 d5 2. Nc3 dxe4 3. Nxe4 Nc6 4. Bc4 e6 5. Nf3 Nf6 6. Nxf6+ Qxf6 7. d4 h6 8.
c3 g5 9. h3 Bg7 10. Be3 Bd7 11. Qc2 O-O-O 12. O-O-O a6 13. Rhe1 Rhe8 14. Bd3 Bf8
15. Be4 Bd6 16. Kb1 Bf4 17. g3 Bxe3 18. Rxe3 Qg7 19. Rde1 h5 20. Ka1 g4 21. hxg4
hxg4 22. Bxc6 Bxc6 23. Ne5 Bd5 24. Qe2 Rg8 25. Qd1 f6 26. Nd3 Rge8 27. Qc1 Bc4
28. Nc5 e5 29. b3 Bd5 30. dxe5 Rxe5 31. Rxe5 fxe5 32. Qe3 Qf6 33. Nd3 Rf8 34.
Qxe5 Qxe5 35. Rxe5 Bc6 36. Kb2 Rh8 1-0

[Event "ch-RUS Blitz 2016"]
[Site "Sochi RUS"]
[Date "2016.10.04"]
[Round "5.19"]
[White "Jary, Sergey"]
[Black "Bologan, Victor"]
[Result "0-1"]
[BlackTitle "GM"]
[WhiteElo "2297"]
[BlackElo "2640"]
[WhiteFideId "14110350"]
[BlackFideId "13900048"]
[EventDate "2016.10.04"]

1. Nf3 c5 2. c4 Nc6 3. g3 g6 4. Bg2 Bg7 5. O-O e6 6. d3 Nge7 7. e4 d6 8. Nc3 O-O
9. Be3 Nd4 10. a3 Rb8 11. Ne1 Nec6 12. Rb1 a6 13. b4 cxb4 14. axb4 b5 15. cxb5
axb5 16. Ne2 d5 17. Nxd4 Nxd4 18. Nc2 Nxc2 19. Qxc2 d4 20. Bd2 e5 21. Rfc1 Be6
22. Qc7 Ra8 23. Qxd8 Rfxd8 24. Rb2 Rdc8 25. Rxc8+ Rxc8 26. f4 f6 27. h4 Bf8 28.
Kf2 Bd6 29. Bf3 Kf7 30. Bd1 Ke7 31. Kf3 h5 32. Kf2 Kd7 33. Rc2 Ra8 34. Rb2 Ra3
35. Be2 Bg4 36. Bf1 f5 37. Bc1 Ra4 38. Bd2 Kc6 39. exf5 Bxf5 40. Bg2+ Kd7 41.
fxe5 Bxe5 42. Be4 Ke6 43. Rc2 Bxe4 44. dxe4 Kd6 45. Rc5 Ra2 46. Ke2 Bxg3 47. Kd3
Ra3+ 48. Kc2 Be5 49. Rd5+ Ke6 50. Bc1 Rc3+ 51. Kd1 Rh3 52. Rxb5 Rxh4 53. Rb6+
Kf7 54. Bg5 Rxe4 55. Kd2 h4 56. Rb7+ Ke6 57. b5 h3 58. Rh7 h2 59. Kd3 Rg4 60.
Re7+ Kd6 0-1

[Event "ch-RUS Blitz 2016"]
[Site "Sochi RUS"]
[Date "2016.10.04"]
[Round "5.20"]
[White "Ivlev, Aleksey"]
[Black "Dreev, Aleksey"]
[Result "0-1"]
[WhiteTitle "FM"]
[BlackTitle "GM"]
[WhiteElo "2259"]
[BlackElo "2660"]
[WhiteFideId "24185949"]
[BlackFideId "4100107"]
[EventDate "2016.10.04"]

1. d4 d5 2. c4 c6 3. Nc3 Nf6 4. cxd5 cxd5 5. Bf4 Nc6 6. e3 Bg4 7. f3 Bd7 8. Bd3
e6 9. Nge2 Nh5 10. O-O Nxf4 11. Nxf4 Bd6 12. Nfe2 Rc8 13. f4 O-O 14. Rc1 a6 15.
Na4 Qa5 16. Nec3 b5 17. Nc5 Bxc5 18. dxc5 Ne7 19. Ne2 b4 20. Nd4 g6 21. Qd2 Rc7
22. a3 Rb8 23. Nc2 Nc6 24. axb4 Nxb4 25. Nd4 Nc6 26. Qxa5 Nxa5 27. Rf2 Nc4 28.
Bxc4 Rxc5 29. b3 dxc4 30. bxc4 a5 31. Ra2 a4 32. Rc3 Rb4 33. Nf3 Rcxc4 34. Rd3
Bc6 35. Ne5 Rc1+ 36. Kf2 Bd5 37. Rad2 Ra1 38. Rd4 Rxd4 39. Rxd4 a3 40. e4 Bb3
41. Rb4 a2 42. Rxb3 Rf1+ 0-1